Statistics for Foods of Love

Click here to take the quiz!

General Stats

  • This quiz has been taken 439 times
  • The average score is 9 of 20

Answer Stats

Hint Answer % Correct
Pearl bearerOyster
90%
Sweet, soft version of a plantainBanana
80%
Commercially valuable fruit used as the base for guacamoleAvocado
75%
Great in liquid, paste or block form, but toxic to dogs and catsChocolate
74%
Hung in windows to ward off vampires?Garlic
74%
Prefix to 'ale', 'bread' and 'snaps'Ginger
66%
Spice derived from the crocus flowerSaffron
62%
Sweet, red fruit produced most heavily in the US, Turkey and SpainStrawberry
60%
Varieties include masu, chinook, pink and sockeyeSalmon
46%
Three-letter fruit native to the Middle East and western AsiaFig
44%
Main ingredient in the alcoholic beverage meadHoney
34%
Filled with the active component capsaicinChili Pepper
31%
Known as the 'fruit of the dead' in Ancient Greek mythologyPomegranate Juice
22%
Known in Spanish as pepitaPumpkin Seed
20%
The adjective 'amygdaloid' is used to describe this fruit/nut's shapeAlmond
19%
Marcel Proust said that this vegetable "transforms my chamber pot into a flask of perfume"Asparagus
16%
Herb native to India, commonly used fresh in cooked recipesBasil
15%
Sometimes included in small doses in energy drinks and herbal teasGinseng
12%
The world's 3rd most expensive spice by weightCardamom
8%
Also known as wolfberryGoji Berry
5%

Score Distribution

Percentile by Number Answered

Percent of People with Each Score

Your Score History

You have not taken this quiz